Catalog

Record Details

Catalog Search



The house of mirth  Cover Image Book Book

The house of mirth / Edith Wharton.

Record details

  • ISBN: 0965013883
  • Physical Description: 350 pages ; 21 cm.
  • Publisher: New York : New American Library, c1963.
Subject: New York (N.Y.) > Social life and customs > Fiction.
Single women > New York (State) > New York > Fiction.

Available copies

  • 1 of 1 copy available at scottsboropl.

Holds

  • 0 current holds with 1 total copy.
Show Only Available Copies
Location Call Number / Copy Notes Barcode Shelving Location Status Due Date
scottsboropl F Wha 32269000642069 Adult - Fiction Available -

LDR 00763cam a2200229 a 4500
001119496
003CONS
00520140703090840.0
008990121s1963 nyu 000 1 eng d
020 . ‡a0965013883
035 . ‡a(CPomAG)LMN384085
043 . ‡an-us-ny
05010. ‡aPS3545.H16 ‡bH842 1963
08200. ‡a813/.52 ‡221
1001 . ‡aWharton, Edith, ‡d1862-1937.
24514. ‡aThe house of mirth / ‡cEdith Wharton.
260 . ‡aNew York : ‡bNew American Library, ‡cc1963.
300 . ‡a350 pages ; ‡c21 cm.
651 0. ‡aNew York (N.Y.) ‡xSocial life and customs ‡vFiction.
650 0. ‡aSingle women ‡zNew York (State) ‡zNew York ‡vFiction.
959 . ‡i32269000642069 ‡lF Wha ‡aAdult - Fiction ‡tFiction ‡g15.00
852 . ‡p32269000642069 ‡jF Wha ‡gAdult - Fiction ‡cFiction ‡y15.00 ‡bSBPL
901 . ‡a119496 ‡bUnknown ‡c119496 ‡tbiblio

Additional Resources